Name all the cities in the US and Canada with a major sports team - Statistics

General Stats
  • This quiz has been taken 46 times
  • The average score is 118 of 151
Answer Stats
Answer % Correct
Boston Bruins | Boston Celtics | Boston Red Sox Boston, MA
100%
Calgary Flames Calgary, AB
100%
Buffalo Sabres Buffalo, NY
95%
Chicago Bears | Chicago Blackhawks | Chicago Bulls | Chicago White Sox/Chicago Cubs Chicago, IL
95%
Chicago Fire Chicago,IL
95%
Dallas Mavericks | Dallas Stars Dallas, TX
95%
Detroit Lions | Detroit Pistons | Detroit Red Wings | Detroit Tigers Detroit, MI
95%
Miami Heat | Miami Marlins Miami, FL
95%
Tampa Bay Buccaneers | Tampa Bay Lightning Tampa, FL
95%
Atlanta Braves | Atlanta Falcons | Atlanta Hawks | Atlanta United Atlanta, GA
92%
Baltimore Orioles | Baltimore Ravens Baltimore, MD
92%
Carolina Panthers | Charlotte FC | Charlotte Hornets Charlotte, NC
92%
Cleveland Browns | Cleveland Cavaliers | Cleveland Guardians Cleveland, OH
92%
Colorado Avalanche | Colorado Rockies | Denver Broncos | Denver Nuggets Denver, CO
92%
Houston Astros | Houston Dynamo | Houston Rockets | Houston Texans Houston, TX
92%
Las Vegas Golden Knights Las Vegas, NV
92%
LA Dodgers | LA Kings | LA Lakers | LAFC Los Angeles, CA
92%
New York Rangers New York City, NY
92%
New York City FC | New York Knicks New York, NY
92%
Philadelphia 76ers | Philadelphia Eagles | Philadelphia Flyers | +2 others Philadelphia, PA
92%
Golden State Warriors | San Francisco Giants San Francisco, CA
92%
San Jose Earthquakes | San Jose Sharks San Jose, CA
92%
Seattle Kraken | Seattle Mariners | Seattle Seahawks | Seattle Sounders Seattle, WA
92%
St. Louis Blues | St. Louis Cardinals | St. Louis SC St. Louis, MO
92%
Toronto Blue Jays | Toronto FC | Toronto Maple Leafs | Toronto Raptors Toronto, ON
92%
Vancouver Canucks | Vancouver Whitecaps Vancouver, BC
92%
DC United | Washington Capitols | Washington Nationals | Washington Wizards Washington, DC
92%
Anaheim Ducks | LA Angels Anaheim, CA
90%
Milwaukee Brewers | Milwaukee Bucks Milwaukee, WI
90%
CF Montreal | Montreal Canadiens Montreal, QC
90%
New Orleans Pelicans | New Orleans Saints New Orleans, LA
90%
Arizona Diamondbacks | Phoenix Suns Phoenix, AZ
90%
Real Salt Lake Sandy, UT
90%
Cincinnati Reds | FC Cincinnati Cincinnati, OH
87%
Columbus Blue Jackets | Columbus Crew Columbus, OH
87%
Edmonton Oilers Edmonton, AB
87%
Indiana Pacers | Indianapolis Colts Indianapolis, IN
87%
Nashville Predators | Nashville SC Nashville, TN
87%
Pittsburgh Penguins | Pittsburgh Pirates | Pittsburgh Steelers Pittsburgh, PA
87%
Cincinnati Bengals Cincinnati, OH
85%
Sporting Kansas City Kansas City, KS
85%
Kansas City Chiefs | Kansas City Royals Kansas City, MO
85%
Tennessee Titans Nashville, TN
85%
Ottawa Senators Ottawa, ON
85%
San Diego FC | San Diego Padres San Diego, CA
85%
Austin FC Austin, TX
82%
Jacksonville Jaguars Jacksonville, FL
82%
Minnesota Timberwolves | Minnesota Twins Minneapolis, MN
82%
Orlando City SC | Orlando Magic Orlando, FL
82%
Minnesota Vikings Minneapolis, MN
79%
Portland Timbers | Portland Trail Blazers Portland, OR
79%
Carolina Hurricanes Raleigh, NC
79%
Utah Hockey Club | Utah Jazz Salt Lake City, UT
79%
San Antonio Spurs San Antonio, TX
79%
Winnipeg Jets Winnipeg, MB
79%
Brooklyn Nets Brooklyn, NY
77%
Green Bay Packers Green Bay, WI
74%
Memphis Grizzlies Memphis, TN
72%
Oklahoma City Thunder Oklahoma City, OK
69%
Minnesota United FC | Minnesota Wild St. Paul, MN
69%
New Jersey Devils Newark, NJ
54%
New York Yankees Bronx, NY
46%
Dallas Cowboys | Texas Rangers Arlington, TX
38%
Tampa Bay Rays St. Petersburg, FL
38%
NY Giants/NY Jets East Rutherford, NJ
33%
Inter Miami CF Ft. Lauderdale, FL
33%
Arizona Cardinals Glendale, AZ
33%
Sacremento Kings Sacremento, CA
31%
San Francisco 49ers Santa Clara, CA
28%
New England Patriots | New England Revolution Foxborough, MA
26%
LA Clippers | LA Rams/LA Chargers Inglewood, CA
23%
Miami Dolphins Miami Gardens, FL
23%
Las Vegas Raiders Paradise, NV
23%
LA Galaxy Carson, CA
15%
New York Mets Flushing, NY
15%
Washington Commanders Landover, MD
15%
Buffalo Bills Orchard Park, NY
15%
FC Dallas Frisco, TX
10%
Florida Panthers Sunrise, FL
10%
Colorado Rapids Commerce City, CO
8%
New York Islanders Elmont, NY
8%
New York Red Bulls Harrison, NJ
8%
Athletics West Sacremento, CA
5%
No matching quizzes found
Score Distribution
Percent of People with Each Score
Percentile by Number Answered
Your Score History
You have not taken this quiz